[Event "Mentese Flowers (Women)"]
[Site "Mentese"]
[Date "2022.02.10"]
[Round "10"]
[White "Ahmad, Al Khatib"]
[Black "Hekimoglu, Mihriban"]
[Result "1-0"]
[WhiteElo "2219"]
[BlackElo "1479"]
[PlyCount "31"]
[EventDate "2022.02.06"]
[EventType "schev"]
[EventRounds "10"]
[EventCountry "TUR"]
[SourceTitle "CBM 206 Extra"]
[Source "ChessBase"]
[SourceDate "2022.03.31"]
[SourceVersion "1"]
[SourceVersionDate "2022.03.31"]
[SourceQuality "1"]
[WhiteTeam "Blue Team"]
[BlackTeam "Red Team"]
[WhiteTeamCountry "TUR"]
[BlackTeamCountry "TUR"]

1. e4 e5 2. Nf3 Nc6 3. Bb5 a6 4. Ba4 Nf6 5. d4 exd4 6. 0-0 Bc5 7. e5 Nd5 8. c3 0-0 9. cxd4 Ba7 10. Bb3 Nce7 11. Bg5 Nb6 12. Re1 h6 13. Bh4 Re8 14. Nc3 d5 15. exd6 Qxd6 16. Ne4 1-0

[Event "Mentese Flowers (Women)"]
[Site "Mentese"]
[Date "2022.02.07"]
[Round "4"]
[White "Kirilmaz, Emre"]
[Black "Hekimoglu, Mihriban"]
[Result "1-0"]
[WhiteElo "2229"]
[BlackElo "1479"]
[PlyCount "57"]
[EventDate "2022.02.06"]
[EventType "schev"]
[EventRounds "10"]
[EventCountry "TUR"]
[SourceTitle "CBM 206 Extra"]
[Source "ChessBase"]
[SourceDate "2022.03.31"]
[SourceVersion "1"]
[SourceVersionDate "2022.03.31"]
[SourceQuality "1"]
[WhiteTeam "Blue Team"]
[BlackTeam "Red Team"]
[WhiteTeamCountry "TUR"]
[BlackTeamCountry "TUR"]

1. d4 d5 2. c3 Nf6 3. Bg5 Nbd7 4. Nf3 e6 5. Nbd2 h6 6. Bh4 c5 7. e3 Bd6 8. Bd3 Qc7 9. Qe2 c4 10. Bc2 b5 11. e4 dxe4 12. Nxe4 Nxe4 13. Bxe4 Rb8 14. 0-0 g5 15. Bg3 Bxg3 16. fxg3 Bb7 17. Rae1 Bxe4 18. Qxe4 0-0 19. Qg4 Nf6 20. Qh3 Kg7 21. Ne5 h5 22. Re2 Rh8 23. Ref2 Rh6 24. g4 Rf8 25. Qe3 Nh7 26. h4 f6 27. hxg5 Nxg5 28. Qxg5+ fxg5 29. Rxf8 1-0

[Event "TUR-chT2"]
[Site "Konya"]
[Date "2017.07.14"]
[Round "8.16"]
[White "Hekimoglu, Mihriban"]
[Black "Hikmet, Nesrin"]
[Result "1-0"]
[WhiteElo "1378"]
[BlackElo "1148"]
[PlyCount "51"]
[EventDate "2017.07.09"]
[EventType "team-swiss"]
[EventRounds "9"]
[EventCountry "TUR"]
[SourceTitle "CBM 179 Extra"]
[Source "ChessBase"]
[SourceDate "2017.08.23"]
[SourceVersion "1"]
[SourceVersionDate "2017.08.23"]
[SourceQuality "1"]
[WhiteTeam "Koycegiz Su Sporlari"]
[BlackTeam "Dumlupinar Turk"]
[WhiteTeamCountry "TUR"]
[BlackTeamCountry "TUR"]

1. d4 c6 2. Bf4 d5 3. Nf3 Bg4 4. e3 e6 5. h3 Bh5 6. Be2 Nd7 7. Nbd2 Ngf6 8. c3 h6 9. Ne5 g5 10. Bxh5 Nxe5 11. Bxe5 Rg8 12. Qf3 Bg7 13. Bxf6 Bxf6 14. Nb3 Qe7 15. Nc5 b6 16. Nd3 c5 17. dxc5 bxc5 18. Nxc5 Rc8 19. Nb3 Rc7 20. 0-0 Kd7 21. Rfd1 Kc8 22. Bg4 Rd8 23. Rxd5 Rxd5 24. Qxd5 Kb8 25. Qa5 Qd6 26. Rd1 1-0